00548nam a2200193 a 4500001001300000003000900013005001700022008004100039020001000080082001800090100002300108245005800131260004700189300000900236500003500245505003200280650001900312700002300331nice12345678IN_TiNIC20260116011659.0050524s1971 mada grp 000 0 eng  ac10000a320.0954bCHA aChatterji, Saral K aPolitical Prospects in Indiab Post-Election Enquiry. aMadrasbChristian Literature Societyc1971 a192p aincludes index and biblioraphy2 athree parts of first volume aPolitics-India1 aChatterji, Saral K